Specifika nástrojů udržení zákazniků na B2B trzích

Marketing na B2B trhoch a zákazníci. Nástroje udržania zákazníkov na B2B trhoch. Štyri základné typy obchodov v rámci zákazníckeho portfólia na B2B trhoch - dodávateľský obchod, obchod so systémami, obchod so zariadením, obchod s produktami.

Enregistré dans:
Détails bibliographiques
Auteur principal: Hommerová, Dita
Format: Chapitre de livre
Langue:tchèque
Sujets:
Tags: Ajouter un tag
Pas de tags, Soyez le premier à ajouter un tag!

MARC

LEADER 00000naa a2200000 4500
001 0157903
005 20231115065648.9
041 0 |a cze 
044 |a CZ 
245 1 0 |a Specifika nástrojů udržení zákazniků na B2B trzích  |c Dita Hommerová 
520 |a Marketing na B2B trhoch a zákazníci. Nástroje udržania zákazníkov na B2B trhoch. Štyri základné typy obchodov v rámci zákazníckeho portfólia na B2B trhoch - dodávateľský obchod, obchod so systémami, obchod so zariadením, obchod s produktami. 
610 2 0 |a marketing 
610 2 0 |a marketing nákupný 
610 2 0 |a zákazníci 
610 2 0 |a trh nákupný 
100 1 |a Hommerová, Dita